LEADER 01002nam a2200241 i 4500 001 000000016322 003 CaOOAMICUS 005 20200507100817.0 008 180830s1967 it u000 u ita u 040 $aSeMil$bita 100 1 $aFrançois : de Sales,$c.$0(OLS)http://semarc/name/1031 245 10$aTutte le lettere /$cSan Francesco di Sales ; edizione italiana a cura di Luigi Rolfo. 260 $aRoma :$bPaoline,$c1967. 300 $a3 v. (1015 p., [16] p. di tav. ) ;$c20 cm. 650 4$aFrancesco : di Sales - Lettere e carteggi.$0(OLS)http://semarc/subject/413 700 1 $aRolfo, Luigi.$0(OLS)http://semarc/name/7535 774 0 $t1: 1585-1610.$w()54454 774 0 $t1611-1618.$w()153007 774 0 $t1619-1622.$w()153009 830 0$aPatristica.$0(OLS)http://semarc/title/6204 996 $6245$aTutte le lettere$9(OLS)http://semarc/title/2789 996 $6260$aRoma :$bPaoline$9(OLS)http://semarc/publisher/29686 LEADER 01149nam a2200253 i 4500 001 000000118440 003 CaOOAMICUS 005 20030929000000.0 008 030929s2002 it u000 u ita u 013 $a91133 040 $aSeMil$bita 100 1 $aCarpani, Giuseppe <1752-1825>.$0(OLS)http://semarc/name/49443 245 13$aLe Haydine, ovvero lettere sulla vita e le opere del celebre maestro Giuseppe Haydn /$cdi Giuseppe Carpani. 250 $aRistampa [anastatica]. 260 $aLipomo (Co) :$bDomus graph,$c2002. 300 $aXII, 307 p. ;$c18 cm. 500 $aFac simile dell'ed. : In Padova : dalla tipografia della Minerva, 1822. - Dono del Card. Dionigi Tettamanzi. 600 14$aHaydn, Franz Joseph <1732-1809>.$0(OLS)http://semarc/subject/11235 850 $aSeMil 852 $aSeMil$W1$xVenegono$y1$m3Q I 14$j73744$B73744$CSeMilBibl$Z2$F86123 $81 941 1 $a5 961 $aOmaggio: Tettamanzi Card. Dionigi 996 $6245$aLe Haydine, ovvero lettere sulla vita e le opere del celebre maestro Giuseppe Haydn$9(OLS)http://semarc/title/173988 996 $6260$aLipomo (Co) :$bDomus graph$9(OLS)http://semarc/publisher/45804